000 00375nam a2200133Ia 4500
005 20260328101452.0
008 260328s9999||||xx |||||||||||||| ||und||
100 _aÁvila, Affonso
245 0 _aBarroco mineiro :
_b Glossario de Arquitetura e ornamentacao /
_cAffonso Ávila
260 _bCompanhia Editora Nacional
300 _a220 p.
650 _aARQUITECTURA
942 _cBK
999 _c8709
_d8709